All Formula 3/GP3 driver champions - Statistics

General Stats
  • This quiz has been taken 11 times
    7 since last reset
  • The average score is 12 of 15
Answer Stats
Year Country Driver % Correct
2016 Monaco Charles Leclerc
100%
2021 Norway Dennis Hauger
100%
2015 France Esteban Ocon
100%
2020 Australia Oscar Piastri
100%
2019 Russia/Israel Robert Shwartzman
100%
2018 France Anthoine Hubert
83%
2013 Russia Daniil Kvyat
83%
2010 Mexico Esteban Gutiérrez
83%
2023 Brazil Gabriel Bortoleto
83%
2017 United Kingdom George Russell
83%
2011 Finland Valtteri Bottas
83%
2022 France Victor Martins
67%
2024 Italy Leonardo Fornaroli
50%
2012 New Zealand Mitch Evans
33%
2014 United Kingdom Alex Lynn
17%
No matching quizzes found
Score Distribution
Percent of People with Each Score
Percentile by Number Answered
Your Score History
You have not taken this quiz since the last reset